000 00717nam a2200289Ia 4500
005 20260324112031.0
008 008 260324s9999 xx 000 0 eng d
020 _a9781003329589
037 _aEBOOK
040 _aCRL
040 _beng
040 _cCRL
041 _2eng
041 _aeng
084 _qCRL
100 _aRania Awaad; Merve Nursoy-Demir
_91141025
245 0 _aMaristāns and Islāmic Psychology
245 2 _bA Historical Model for Modern Implementation
260 _bTaylor and Francis
260 _c2024
365 _a
365 _b77.99
856 _uhttp://www.taylorfrancis.com/books/9781003329589
942 _cEBOOK
999 _c1730064
_d1730064